| 000 | 00991cab a2200253 4500 | ||
|---|---|---|---|
| 001 | ABS56150 | ||
| 008 | 090401t1996 xxu||||| |||| 00| 0 eng d | ||
| 035 | _a(Sirsi) u21592 | ||
| 041 | _aeng | ||
| 100 | _aCottam, G. | ||
| 245 | _a`Making the scheme` is a huge step ahead for construction contracts | ||
| 260 | _c1996 | ||
| 350 | _a0 | ||
| 490 |
_aConstruction News _v(6492) 21 November 1996, 12-13(2) |
||
| 520 | _aExamines the DoE consultation paper on adjudication to solve contract disputes and the issue of when the contractor has the right to suspend work. | ||
| 650 | _aMANAGEMENT-DISPUTE AVOIDANCE, MANAGEMENT AND RESOLUTION-DISPUTE MANAGEMENT AND RESOLUTION-ALTERNATIVE DISPUTE RESOLUTION-ADJUDICATION | ||
| 650 | _aCONTRUCTION DISPUTES | ||
| 650 | _aHOUSING GRANTS CONSTRUCTION AND REGENERATION ACT 1996 | ||
| 650 | _aLATHAM REFORMS | ||
| 650 | _aRIGHT TO SUSPEND WORK | ||
| 690 | _aBUILT ENVIRONMENT-BUILDING CONTRACT FORMS | ||
| 942 | _n0 | ||
| 948 | _c04/03/1997 | ||
| 999 |
_c14490 _d14490 |
||